000 00453nam a22001817a 4500
003 MPLRDC
005 20220104143432.0
008 210129b ||||| |||| 00| 0 eng d
020 _a957-9279-47-0
082 _a848.2 LY-50
100 _a刘墉著
245 _a面对人生的美丽与哀愁
_c
250 _a初版
260 _a
_b水云斋文化事业有限公司
_c2000
300 _b
650 _a现代别集
942 _cBK
_o848.2 LY-50
999 _c39886
_d39876